Odgadnij imię tego piłkarza #5 - Statystyki

Ogólne statystyki
  • Ten quiz został rozwiązany 100 razy
  • Średni wynik to 12 z 15
Statystyki odpowiedzi
Nazwisko (klub) Imię % Poprawnych
Reus Marco
98%
Werner Timo
93%
Immobile CIro
90%
Griezmann Antoine
88%
Sterling Raheem
80%
Leao Rafael
79%
Chiesa Federico
78%
Vlahovic Dusan
77%
Valverde Federico
74%
Henderson (Liverpool) Jordan
72%
Martial Anthony
71%
Carrasco Yannick
69%
Zapata (Atalanta) Duvan
64%
Saint-Maximin Allan
63%
David Jonathan
63%
Nie znaleziono quizów pasujących do podanych kryteriów
Rozkład punktacji
Procent ludzi z każdym wynikiem
Percentyl według liczby udzielonych odpowiedzi
Twoja historia wyników
Nie rozwiązałeś tego quizu